000 00623cab a2200217 4500
001 WB3027-44
008 090401t1994 xxu||||| |||| 00| 0 eng d
035 _a(Sirsi) u4542
041 _aeng
245 _aNational Forest to be created by new quango
260 _c1994
350 _a0
490 _aFinancial Times
_v13 July 1994, 8
490 _aDoE News Release
_v(505) 12 July 1994, (4)
520 _aMAFF and DoE have announced the setting up of a new company to create the National Forest.
650 _aFORESTS
650 _aNATIONAL FOREST
690 _aRURAL PRACTICE
942 _n0
948 _c04/03/1997
999 _c2742
_d2742